1419 1808 1450 1745 1680 1413 1709 1542 1311 1382 1524 1216 1934 1112 1687 1111 1444 1940 1301 1085 1815 1760 1729 1093 1266 1648 1159 1264 1436 1210 1633 1229 1240 1972 1853 1522 1556 1191 1582 1324 1761 1639 1838 1013 1279 1396 1546 1990 1793 1327 1018 1313 1129 1859 1789 1560 1155 1470 1101 1265 1708 1292 1286 1039 1242 1724 1215 1835 1540 1056 1876 1879 1816 1024 1833 1297 1952 1795 1872 1316 1200 1374 1076 1760 1902 1946 1432 1808 1174 1164 1121 1548 1052 1310 1176 1037 1666 1792 1620 BCNSPRNW ULIB Ver.6.0+V

เปลี่ยนเป็นภาษาไทย

Change to English
 แสดงรายละเอียดบรรณานุกรม
  กลับหน้าหลัก

Brief Record : Get Marc (ISO 2709) : E-mail record : QR code < ปิดหน้าต่าง
LEADER : 00000nam 2200000uu 4500
001    13399113274
003     ULIB
008    111005s2552||||th 000 0 tha d
020    9786115120284
050 04 TT890^bอ846พ 2552
100 0  อุมาวดี ทรัพย์สิน
245 10 พานดอกไม้บูชาพระประจำวัน /^cอุมาวดี ทรัพย์สิน
250    พิมพ์ครั้งที่ 1
260    กรุงเทพฯ :^bวาดศิลป์,^c2552
300    64 หน้า :^bภาพประกอบ ;^c26 ซม
440  0 โครงการหนังสืออนุรักษ์และส่งเสริมศิลปวัฒนธรรมไทย
650  7 การจัดดอกไม้
650  7 การประดิษฐ์ด้วยใบตอง
945    ^p160^l0^i027691
995    ทศพร
999 ^a ทศพร
รายการนี้ยังไม่มีแท็ก
คุณยังไม่ได้ล็อกอิน คุณสามารถมีกิจกรรมร่วมกับเว็บไซต์ได้ แต่ต้องล็อกอินก่อน ::
  ล็อกอิน

รายการสื่อสารสนเทศ

ลำดับที่ ประเภท เลขเรียก/บาร์โค้ด สถานที่ สถานะ
- ไม่พบข้อมูล -

รายการใกล้เคียง
    ผู้แต่ง [อุมาวดี ทรัพย์สิน]

    หัวเรื่อง [การจัดดอกไม้]
    หัวเรื่อง [การประดิษฐ์ด้วยใบตอง]

BibComment


ยังไม่เคยถูกคอมเมนท์

คอมเมนท์ทรัพยากรรายการนี้
  คอมเมนท์: พานดอกไม้บูชาพระป..


 Copyright 2026. Bcnsprnw @Library